[Event "GER-chT Betriebe 16th"]
[Site "Dresden"]
[Date "2016.11.03"]
[Round "1.2"]
[White "Schuettig, Ruediger"]
[Black "Astfalk, Lutz"]
[Result "1-0"]
[WhiteElo "2234"]
[BlackElo "1945"]
[PlyCount "113"]
[EventDate "2016.11.03"]
[EventType "team-swiss"]
[EventRounds "7"]
[EventCountry "GER"]
[SourceTitle "EXT 2020"]
[Source "ChessBase"]
[SourceDate "2019.10.17"]
[SourceVersion "1"]
[SourceVersionDate "2019.10.17"]
[SourceQuality "1"]
[WhiteTeam "Berlin Deutsche Bahn/BSW"]
[BlackTeam "Ludwigsfelde Stern"]
[WhiteTeamCountry "GER"]
[BlackTeamCountry "GER"]

1. d4 Nf6 2. Bf4 d6 3. e3 Nbd7 4. Nf3 h6 5. h3 e6 6. c4 c5 7. dxc5 e5 8. Bh2 Nxc5 9. Nc3 Qa5 10. Nd2 Bf5 11. Nb3 Qb4 12. Nxc5 Qxc5 13. Qb3 Rb8 14. Be2 Be7 15. 0-0 0-0 16. Rfd1 a6 17. Rac1 Qc7 18. c5 dxc5 19. f4 Be6 20. Qc2 Rbd8 21. fxe5 Nd5 22. Nxd5 Bxd5 23. e6 Qc6 24. exf7+ Bxf7 25. Bf4 Qe6 26. b3 b5 27. Bg4 Qb6 28. Bf5 Rxd1+ 29. Rxd1 Rd8 30. Rf1 c4 31. Bh7+ Kh8 32. Qe4 Bf6 33. Bg6 Bxg6 34. Qxg6 Bd4 35. Qe4 Bc5 36. bxc4 bxc4 37. Rb1 Qf6 38. Qxc4 Bb6 39. Qe4 Rf8 40. Kh1 Bc5 41. Qd5 Qf5 42. Qxf5 Rxf5 43. Rb8+ Kh7 44. g4 Rf7 45. Rc8 Ba7 46. h4 Re7 47. Rc3 a5 48. Kg2 Rd7 49. Kf3 Rd2 50. Ra3 Bb6 51. h5 g5 52. hxg6+ Kxg6 53. Rb3 Bc5 54. Rc3 Bb4 55. Rc6+ Kf7 56. Bxh6 Rxa2 57. g5 1-0